| 000 | 00723nam a22002297a 4500 | ||
|---|---|---|---|
| 005 | 20170124110015.0 | ||
| 010 | _aA-677932 | ||
| 020 |
_c00.00 _a8170994780 |
||
| 035 | _aA-677932 | ||
| 037 | _bCen Lib/Ret | ||
| 040 |
_aDPL _bEN |
||
| 082 |
_a302.14 _bBHA |
||
| 100 |
_aBhardwaj, K.K. _911875 |
||
| 245 |
_aCombating communalism in india : _cby K.K. Bhardwaj _bkey to national inegration / |
||
| 260 |
_bMittal Publications _c1993 _aNew Delhi |
||
| 270 |
_bNew Delhi _aA-110, mohan garden _e110059 |
||
| 300 |
_ax, 157p. _c21cm(Hb) |
||
| 500 | _aIncludes bibliographical references and index | ||
| 650 |
_aNationalism _918637 |
||
| 650 |
_aCommunalism _918638 |
||
| 942 |
_2ddc _cEN _h302.14 _mBHA |
||
| 999 |
_c126846 _d126846 |
||